| 000 | 03040cam a2200685 a 4500 | ||
|---|---|---|---|
| 999 | _c56366 | ||
| 001 | 9876678 | ||
| 003 | LIBRIS | ||
| 005 | 20210308125315.0 | ||
| 008 | 050508s2005 sw |||||||||||000 0|swe| | ||
| 020 |
_a9186425765 _qinb. |
||
| 035 | _a(Mo)b1563638 | ||
| 040 |
_aLGEN _dNB _ea |
||
| 041 | _aswe | ||
| 082 | 0 | 4 |
_a591.9485 _223/swe |
| 084 |
_aUg.07-c _2kssb/7 |
||
| 084 |
_aUg.07-c _2kssb/8 |
||
| 100 | 1 |
_aPettersson, Bertil, _d1933- _0https://libris.kb.se/c9ps0x0w5f7xj9n#it |
|
| 245 | 1 | 0 |
_aSällsamma ögonblick i svensk natur / _cBertil Pettersson. |
| 264 | 1 |
_aSävedalen : _bWarne, _c2005 |
|
| 264 | 3 |
_aMölndal : _bBilles tr. |
|
| 300 |
_a144 s. _bfärgill. _c27 cm |
||
| 340 | _b27 cm | ||
| 500 |
_5Mo _asvenska |
||
| 650 | 7 |
_aFaunor _zSverige _2sao |
|
| 653 | _aDjurfotografering | ||
| 653 | _aNaturfotografi | ||
| 655 | 4 |
_5Mo _aBok |
|
| 887 |
_a{"@id":"8rkjfdnl5g00clr","modified":"2018-10-30T23:00:00+01:00","checksum":"33751273485"} _2librisxl |
||
| 887 |
_a{"@id":"37f362r84q96gzj","modified":"2014-08-25T12:00:20+02:00","checksum":"63452293668"} _2librisxl |
||
| 887 |
_a{"@id":"fkrqwmkl0d61rz3","modified":"2008-08-25T09:51:02+02:00","checksum":"70067652842"} _2librisxl |
||
| 887 |
_a{"@id":"qv2g09bw3kbc7fk","modified":"2012-04-03T09:55:53+02:00","checksum":"72122976146"} _2librisxl |
||
| 887 |
_a{"@id":"04b57rl55lbc9s6","modified":"2005-12-13T16:12:28+01:00","checksum":"68880713667"} _2librisxl |
||
| 887 |
_a{"@id":"37g8sjx82c943h6","modified":"2015-06-22T10:35:43+02:00","checksum":"64415671268"} _2librisxl |
||
| 887 |
_a{"@id":"sx44q71z4zn46pl","modified":"2009-03-03T15:00:21+01:00","checksum":"61301617813"} _2librisxl |
||
| 887 |
_a{"@id":"v0610dk10fgt2md","modified":"2013-10-15T15:56:35+02:00","checksum":"62632596771"} _2librisxl |
||
| 887 |
_a{"@id":"djpj8p0k4cdlr9l","modified":"2005-09-01T12:43:23+02:00","checksum":"62750590896"} _2librisxl |
||
| 887 |
_a{"@id":"ns0tt5ft49cbxcz","modified":"2017-09-22T16:00:21+02:00","checksum":"69746662959"} _2librisxl |
||
| 887 |
_a{"@id":"pt2cm90v0l7hq86","modified":"2017-09-20T09:29:22+02:00","checksum":"75198527286"} _2librisxl |
||
| 942 |
_2z _cBOOK |
||